000 01111nac a22002891i 4500
003 EG-ScBUE
005 20241107094201.0
008 241107s1988 nyua f 000 0 eng d
020 _a3211820582
020 _a0387820582
040 _aEG-ScBUE
_beng
_erda
_cEG-ScBUE
_dEG-ScBUE
082 0 4 _a519.22
_bANA
_222
245 0 0 _aAnalysis and estimation of stochastic mechanical sytsems /
_cedited by W. Schiehlen, University of Stuttgart, W. Wedig, University of Karsruhe
264 1 _aNew York :
_b Springer Verlage,
_c1988.
300 _a350 pages :
_billustrations ;
_c23 cm.
336 _2rdacontent
_atext
_btxt
337 _aunmediated
_2rdamedia
_bn
338 _avolume
_bnc
_2rdacarrier
490 0 _aCISM courses and lectures ;
_vNo 303
500 _adistributer: Al-Ahram
500 _aThis volume contains the lectures and the tutorials presented during a course at the international centre for mechanical sciences in Udine, Summer 1987
650 7 _aStochastic analysis.
_2BUEsh
655 _vReading book
700 1 _aSchiehlen, W.,
_eeditor.
700 1 _aWedig, W.,
_eeditor.
942 _cBB
_2ddc
999 _c9831
_d9831